Primer curso de Lógica Matemática / (Record no. 148967)

MARC details
000 -LEADER
campo de control de longitud fija 00600nam a2200181 4500
001 - NÚMERO DE CONTROL
campo de control 148967
003 - IDENTIFICADOR DE NÚMERO DE CONTROL
campo de control ES-MaACL
005 - FECHA Y HORA DE LA ÚLTIMA TRANSACCIÓN
campo de control 20230906202906.0
007 - CAMPO FIJO DE DESCRIPCIÓN FÍSICA--INFORMACIÓN GENERAL
campo de control de longitud fija t|
008 - DATOS DE LONGITUD FIJA--INFORMACIÓN GENERAL
campo de control de longitud fija 070214s1968 sp r ||||1| spa d
100 1# - ENTRADA PRINCIPAL--NOMBRE DE PERSONA
Nombre de persona Suppes, Patrick.
9 (RLIN) 108808
245 10 - MENCIÓN DEL TÍTULO
Título Primer curso de Lógica Matemática /
Mención de responsabilidad, etc. Patrick Suppes, Shirley Hill ; [versión... de Enrique Linés Escardó].
260 ## - PUBLICACIÓN, DISTRIBUCIÓN, ETC.
Lugar de publicación, distribución, etc. Barcelona [etc.] :
Nombre del editor, distribuidor, etc. Reverté,
Fecha de publicación, distribución, etc. 1968 (
Fabricante Litoclub)
300 ## - DESCRIPCIÓN FÍSICA
Extensión IX, 283 p. ;
Dimensiones 22 cm.
700 1# - ENTRADA AGREGADA--NOMBRE PERSONAL
Nombre de persona Hill, Shirley.
9 (RLIN) 63710
700 1# - ENTRADA AGREGADA--NOMBRE PERSONAL
Nombre de persona Linés Escardó, Enrique.
9 (RLIN) 72434
852 ## - LOCALIZACIÓN
Ubicación ES-MaACL
Número de control de estantería C-34608
Sublocalización o colección R.67072
Holdings
Estatus retirado Estado de pérdida Estado de daño No para préstamo Biblioteca de origen Biblioteca actual Ubicación en estantería Fecha de adquisición Fuente de adquisición Total de préstamos Signatura topográfica completa Código de barras Visto por última vez Precio de reemplazo Tipo de ítem Koha
        Biblioteca del Ateneo de Madrid Biblioteca del Ateneo de Madrid Depósito 2 17/01/2008     C-34608 1155452 23/02/2023 23/02/2023 Libro impreso